00353nam a2200133Ia 4500020001500000082001400015100002400029245002900053260004800082300001500130440003200145650001900177700002300196 a0521630274 a954 MET-C aMetcalf, Barbara D. 0aConcise history of India aCambridgebCambridge University Pressc2002 axxiii, 321 aCambridge concise histories aIndiazHistory aMetcalf, Thomas R.